Every Unique Minigame in Rhythm Heaven (Series) Quiz - Statistics

General Stats
  • This quiz has been taken 283 times
  • The average score is 63 of 91
Answer Stats
Game Set Minigame % Correct
Rhythm Tengoku GBA Set 1 Karate Man
98%
Rhythm Heaven DS Set 6 Karate Man
98%
Rhythm Heaven Fever Set 7 Karate Man
98%
Rhythm Heaven DS Set 1 Built to Scale
89%
Rhythm Heaven Fever Set 3 Built to Scale
89%
Rhythm Heaven Fever Set 1 Hole in One
89%
Rhythm Heaven DS Set 1 Fan Club
86%
Rhythm Heaven DS Set 2 Rhythm Rally
86%
Rhythm Heaven Fever Set 2 Monkey Watch
85%
Rhythm Heaven Fever Set 1 Double Date
84%
Rhythm Tengoku GBA Set 4 Night Walk
83%
Rhythm Heaven Fever Credits Night Walk
83%
Rhythm Tengoku GBA Set 2 Samurai Slice
83%
Rhythm Heaven Fever Set 4 Samurai Slice
83%
Rhythm Heaven DS Set 1 Fillbots
82%
Rhythm Heaven DS Set 1 Glee Club
82%
Rhythm Heaven DS Set 6 Lockstep
82%
Rhythm Heaven DS Set 4 Love Lab
82%
Rhythm Heaven Fever Set 2 Fork Lifter
81%
Rhythm Heaven Fever Set 3 Air Rally
80%
Rhythm Heaven Fever Set 4 Packing Pests
79%
Rhythm Heaven Fever Set 1 Screwbot Factory
79%
Rhythm Tengoku GBA Set 3 Space Dance
79%
Rhythm Heaven Fever Set 2 Board Meeting
78%
Rhythm Heaven Fever Set 1 See-Saw
78%
Rhythm Tengoku GBA Set 2 The☆Bon Odori
78%
Rhythm Heaven DS Set 2 Blue Birds
77%
Rhythm Heaven Fever Set 5 Flock Step
77%
Rhythm Heaven Fever Set 4 Ringside
77%
Rhythm Heaven Fever Set 6 Love Rap
75%
Rhythm Heaven DS Set 4 Munchy Monk
75%
Rhythm Heaven Fever Set 2 Tambourine
75%
Rhythm Heaven DS Set 3 The Dazzles
75%
Rhythm Heaven Fever Set 7 Cheer Readers
74%
Rhythm Tengoku GBA Set 1 Marching Orders
74%
Rhythm Tengoku GBA Set 1 Rhythm Tweezers
74%
Rhythm Heaven DS Credits Airboarder
72%
Rhythm Heaven DS Set 3 Love Lizards
72%
Rhythm Heaven DS Set 2 Moai Doo-Wop
72%
Rhythm Tengoku GBA Set 1 Spaceball
72%
Rhythm Tengoku GBA Set 5 Tap Trial
72%
Rhythm Heaven Fever Set 3 Figure Fighter
71%
Rhythm Tengoku GBA Set 4 Quiz Show
71%
Rhythm Tengoku GBA Set 1 The Clappy Trio
71%
Rhythm Heaven DS Set 3 Crop Stomp
70%
Rhythm Heaven Fever Set 4 Micro-Row
70%
Rhythm Heaven Fever Set 7 Shrimp Shuffle
70%
Rhythm Heaven Fever Set 7 Tap Troupe
70%
Rhythm Heaven Fever Set 3 Working Dough
69%
Rhythm Heaven Fever Set 5 Flipper-Flop
68%
Rhythm Tengoku GBA Set 5 Ninja Bodyguard
68%
Rhythm Heaven DS Set 6 Rockers
68%
Rhythm Heaven DS Set 5 Dog Ninja
67%
Rhythm Heaven Fever Set 6 Donk-Donk
67%
Rhythm Heaven Fever Set 5 Exhibition Match
67%
Rhythm Tengoku GBA Set 5 Fireworks
67%
Rhythm Tengoku GBA Set 4 Polyrhythm
67%
Rhythm Heaven DS Set 2 Shoot-'Em-Up
67%
Rhythm Heaven DS Set 3 Freeze Frame
66%
Rhythm Tengoku GBA Set 3 Bunny Hop
64%
Rhythm Heaven Fever Set 5 Catch of the Day
64%
Rhythm Heaven DS Set 4 DJ School
64%
Rhythm Heaven DS Set 5 Frog Hop
64%
Rhythm Tengoku GBA Set 2 Sneaky Spirits
64%
Rhythm Heaven DS Set 6 Space Soccer
64%
Rhythm Tengoku GBA Set 3 Tram and Pauline
64%
Rhythm Heaven DS Set 5 Big Rock Finish
62%
Rhythm Tengoku GBA Set 5 Bouncy Road
62%
Rhythm Tengoku GBA Set 2 Rat Race
62%
Rhythm Heaven DS Set 5 Splashdown
62%
Rhythm Heaven Fever Set 6 Bossa Nova
61%
Rhythm Tengoku GBA Set 3 Wizard's Waltz
61%
Rhythm Heaven Fever Set 6 Launch Party
60%
Rhythm Heaven DS Set 4 Drummer Duel
59%
Rhythm Tengoku GBA Set 4 Rap Men
59%
Rhythm Heaven Megamix Comet Land Blue Bear
58%
Rhythm Tengoku GBA Set 2 Sick Beats
58%
Rhythm Heaven Megamix Honeybee Land Catchy Tune
57%
Rhythm Heaven Megamix Barbershop Land LumBEARjack
57%
Rhythm Tengoku GBA Set 4 Power Calligraphy
57%
Rhythm Tengoku GBA Set 3 Showtime
57%
Rhythm Tengoku GBA Set 5 Toss Boys
54%
Rhythm Heaven Megamix Citrus Land First Contact
53%
Rhythm Heaven Megamix Machine Land Fruit Basket
53%
Rhythm Heaven Megamix Donut Tower Animal Acrobat
48%
Rhythm Heaven Megamix Songbird Tower Tangotronic 3000
47%
Rhythm Heaven Megamix Planet Land Kitties!
43%
Rhythm Heaven Megamix Star Land Pajama Party
43%
Rhythm Heaven Megamix Songbird Land Super Samurai Slice
41%
Rhythm Heaven Megamix Lush Tower Sumo Brothers
40%
Rhythm Heaven Megamix Donut Land Tongue Lashing
39%
No matching quizzes found
Score Distribution
Percent of People with Each Score
Percentile by Number Answered
Your Score History
You have not taken this quiz